| 000 | 00427pab a2200145 454500 | ||
|---|---|---|---|
| 008 | 180718b1985 xxu||||| |||| 00| 0 eng d | ||
| 100 | _aAng, James and others | ||
| 245 |
_aMarginal tax rates _bEvidence form nontexable rates : Evidence form nontaxable corporate bonds : A note |
||
| 260 | _c1985 | ||
| 300 | _a327-32 | ||
| 362 | _aMar. | ||
| 650 | _aGovernment Bonds - Taxation | ||
| 773 | _aJournal of Finance | ||
| 909 | _a9103 | ||
| 999 |
_c9103 _d9103 |
||